000 00719naa a2200229 i 4500
001 1097
003 ES-MaBCM
005 20241016090529.0
008 880223s1987 gbr 000 0 eng d
021 _axx
035 _a(OCoLC)1365153186
040 _cES-MaBCM
041 0 _aeng
043 _agbr
100 1 _aDiebold, William
_912760
245 1 0 _aPolitical implications of US-EC economic conflicts (III) American trade policy and Western Europe
_cWilliam Diebold
610 2 7 _aComunidad Económica Europea
_2
_950988
650 2 7 _aRelación económica
_960070
651 2 4 _aEstados Unidos
_9115376
773 0 _aEn:
_tGovernment and opposition
_dLondon : 1987
_w104671
_gnº 3, verano; p. 282-301
942 _cAREV
999 _c1097
_d1097